| 000 | 00788nam a2200241 4500 | ||
|---|---|---|---|
| 999 |
_c14517 _d14517 |
||
| 003 | MIRAKIL | ||
| 005 | 20210923141258.0 | ||
| 008 | 210923b tu ||||| |||| 00| 0 tur d | ||
| 020 | _a9786054764921 | ||
| 040 |
_aTR-AnCHP _cTR-AnCHP |
||
| 041 | _aTur | ||
| 082 |
_a070.4092 _bÖ93u 2018 |
||
| 100 | _aÖzel, Sevgi | ||
| 245 | 1 | 0 |
_aUğur olsun! : _bbir devrimcinin öyküsü / _c Sevgi Özel. |
| 246 | _abir devrimcinin öyküsü | ||
| 260 |
_aİstanbul : _bKırmızı Kedi Yayınevi, _c2018. |
||
| 300 |
_a503 s.: _c21 sm. |
||
| 490 | 0 |
_aKırmızı Kedi Yayınevi; _aBiyografi; _v274. _v6. |
|
| 600 | 0 |
_96010 _aMumcu, Uğur _cGazeteci _d1942-1993 _xyaşamöyküsü |
|
| 650 | 0 |
_9439 _aGazeteciler _xYaşamöyküsü _zTürkiye |
|
| 740 | _abir devrimcinin öyküsü | ||
| 942 |
_2ddc _cBKS |
||